[Event "2. Abierto Hotel Cemar 2015"]
[Site "Mondariz ESP"]
[Date "2015.08.16"]
[Round "1.2"]
[White "Oratovsky, Michael"]
[Black "Garcia Bugallo, Jose Luis"]
[Result "1-0"]
[WhiteElo "2495"]
[BlackElo "1815"]
[PlyCount "43"]
[EventDate "2015.08.16"]
[EventType "swiss"]
[EventRounds "9"]
[EventCountry "ESP"]
[Source "lmi"]
[SourceDate "2015.08.16"]

1. e4 c5 2. Nf3 d6 3. Bb5+ Bd7 4. Bxd7+ Qxd7 5. O-O Nc6 6. c3 Nf6 7. d4 cxd4 8.
cxd4 e6 9. d5 Ne5 10. dxe6 Nxf3+ 11. Qxf3 Qxe6 12. Nc3 Be7 13. Bf4 O-O 14. Rfe1
Rad8 15. Rad1 Rfe8 16. h3 h6 17. Be3 a6 18. Bd4 Nd7 19. Nd5 Ne5 20. Qg3 Qg6 21.
Bxe5 dxe5 22. Nxe7+ 1-0

[Event "2. Abierto Hotel Cemar 2015"]
[Site "Mondariz ESP"]
[Date "2015.08.16"]
[Round "1.3"]
[White "Perez Romero, Alfredo"]
[Black "Campora, Daniel H"]
[Result "0-1"]
[WhiteElo "1806"]
[BlackElo "2448"]
[PlyCount "52"]
[EventDate "2015.08.16"]
[EventType "swiss"]
[EventRounds "9"]
[EventCountry "ESP"]
[Source "lmi"]
[SourceDate "2015.08.16"]

1. e4 e5 2. Nf3 Nc6 3. Bb5 Nf6 4. O-O d6 5. d3 Bd7 6. Nc3 g6 7. Bg5 h6 8. Bxf6
Qxf6 9. Nd5 Qd8 10. d4 Bg7 11. c3 O-O 12. dxe5 Nxe5 13. Bxd7 Nxd7 14. Nd4 c6
15. Ne3 Re8 16. Nc4 Nc5 17. f3 d5 18. exd5 Qxd5 19. Na3 Rad8 20. Nac2 Na4 21.
Qc1 c5 22. Nb5 Qc6 23. Nba3 b5 24. Rb1 b4 25. cxb4 cxb4 26. Nxb4 Qb6+ 0-1

[Event "2. Abierto Hotel Cemar 2015"]
[Site "Mondariz ESP"]
[Date "2015.08.16"]
[Round "1.4"]
[White "Panelo, Marcelo"]
[Black "Salgado Gonzalez, Julio"]
[Result "1-0"]
[WhiteElo "2418"]
[BlackElo "1801"]
[PlyCount "77"]
[EventDate "2015.08.16"]
[EventType "swiss"]
[EventRounds "9"]
[EventCountry "ESP"]
[Source "lmi"]
[SourceDate "2015.08.16"]

1. d4 d5 2. Nf3 Nf6 3. c4 dxc4 4. e3 a6 5. Bxc4 e6 6. O-O c5 7. Bb3 b5 8. a4
Bb7 9. axb5 axb5 10. Rxa8 Bxa8 11. Nc3 c4 12. Bc2 b4 13. Ba4+ Bc6 14. Bxc6+
Nxc6 15. Qa4 Qd7 16. Qa8+ Nd8 17. Ne5 Qb7 18. Qa4+ Nd7 19. Nb5 Nc6 20. Nxc4 Nb6
21. Nxb6 Qxb6 22. Bd2 Be7 23. Na7 Qxa7 24. Qxc6+ Qd7 25. Qa8+ Qd8 26. Qxd8+
Kxd8 27. Ra1 Re8 28. Ra7 Kc8 29. b3 Kb8 30. Ra4 Rc8 31. g3 Rc7 32. Bxb4 Bxb4
33. Rxb4+ Ka7 34. Kg2 Ka6 35. g4 Ka5 36. Rb8 f6 37. Re8 Kb4 38. Rxe6 Kxb3 39.
d5 1-0

[Event "2. Abierto Hotel Cemar 2015"]
[Site "Mondariz ESP"]
[Date "2015.08.16"]
[Round "1.5"]
[White "Fernandez Lopez, Ruben"]
[Black "Del Rey, Diego"]
[Result "0-1"]
[WhiteElo "1795"]
[BlackElo "2394"]
[PlyCount "94"]
[EventDate "2015.08.16"]
[EventType "swiss"]
[EventRounds "9"]
[EventCountry "ESP"]
[Source "lmi"]
[SourceDate "2015.08.16"]

1. e4 c5 2. Nf3 Nc6 3. d4 cxd4 4. Nxd4 e5 5. Nb5 d6 6. N1c3 a6 7. Na3 Be7 8.
Nc4 b5 9. Ne3 Nf6 10. g3 O-O 11. Bg2 Nd4 12. O-O Bb7 13. Ncd5 Nxd5 14. Nxd5
Bxd5 15. exd5 b4 16. c3 bxc3 17. bxc3 Nb5 18. c4 Nd4 19. Bb2 Rb8 20. Bxd4 exd4
21. Rb1 Rxb1 22. Qxb1 Qc7 23. Qd3 Bf6 24. Rb1 g6 25. Bf1 Qa5 26. Qb3 Re8 27. a3
Qc3 28. Qb4 Rd8 29. Rb3 Qc2 30. Rb2 Qe4 31. Re2 Qf3 32. Qa4 Rb8 33. Re8+ Rxe8
34. Qxe8+ Kg7 35. a4 Qa3 36. Kg2 Be5 37. f4 Bf6 38. h4 d3 39. Qe3 Qb2+ 40. Kf3
d2 41. Be2 Qc2 42. Qg1 Qxa4 43. Qd1 Qa3+ 44. Kg2 Qe3 45. Bf3 Bd4 46. Qe2 Qg1+
47. Kh3 Bf2 0-1

[Event "2. Abierto Hotel Cemar 2015"]
[Site "Mondariz ESP"]
[Date "2015.08.16"]
[Round "1.6"]
[White "Espiñeira Gonzalez, Diego"]
[Black "Rebollo Montes, Bernardo"]
[Result "1-0"]
[WhiteElo "2380"]
[BlackElo "1785"]
[PlyCount "81"]
[EventDate "2015.08.16"]
[EventType "swiss"]
[EventRounds "9"]
[EventCountry "ESP"]
[Source "lmi"]
[SourceDate "2015.08.16"]

1. e4 d5 2. exd5 Qxd5 3. Nf3 Nf6 4. d4 Bg4 5. Be2 e6 6. Be3 Be7 7. Nbd2 O-O 8.
c4 Qa5 9. O-O c6 10. h3 Bxf3 11. Nxf3 Rd8 12. Qc2 Nbd7 13. a3 Qc7 14. Rfe1 Bf8
15. Bf1 c5 16. Rad1 Rac8 17. Qb3 cxd4 18. Bxd4 Bc5 19. Bc3 a6 20. Qc2 Be7 21.
b4 b5 22. c5 Nb6 23. Ng5 Nbd5 24. Be5 Qb7 25. Bd3 h6 26. Ne4 Qa7 27. Qb3 Nxe4
28. Bxe4 Nc7 29. Qg3 Ne8 30. Bf4 Kh8 31. Qe3 Kg8 32. Bf3 Bf6 33. Qe4 Rb8 34.
Bxb8 Qxb8 35. Qb7 Qf4 36. Rxd8 Bxd8 37. Qc8 Bh4 38. Qxe8+ Kh7 39. Rd1 Qf5 40.
Qc6 g6 41. Qe4 1-0

[Event "2. Abierto Hotel Cemar 2015"]
[Site "Mondariz ESP"]
[Date "2015.08.16"]
[Round "1.7"]
[White "Meira Iglesias, Alejandro"]
[Black "Ramiro Ovejero, Juan Luis"]
[Result "0-1"]
[WhiteElo "1773"]
[BlackElo "2343"]
[PlyCount "54"]
[EventDate "2015.08.16"]
[EventType "swiss"]
[EventRounds "9"]
[EventCountry "ESP"]
[Source "lmi"]
[SourceDate "2015.08.16"]

1. c4 e5 2. g3 Nf6 3. Bg2 c6 4. d4 e4 5. d5 cxd5 6. cxd5 Bc5 7. Nc3 e3 8. f3
O-O 9. Nh3 d6 10. O-O a6 11. a3 Nbd7 12. b3 Ne5 13. Ne4 Nxe4 14. fxe4 f5 15.
exf5 Rxf5 16. Bb2 Rxf1+ 17. Qxf1 Nd3 18. Bc3 Qe7 19. b4 Bb6 20. Qf3 Nf2 21.
Nxf2 exf2+ 22. Kf1 Bd7 23. Qe4 Qxe4 24. Bxe4 Re8 25. Bg2 Bb5 26. Bf3 Re3 27. a4
Rxf3 0-1

[Event "2. Abierto Hotel Cemar 2015"]
[Site "Mondariz ESP"]
[Date "2015.08.16"]
[Round "1.9"]
[White "Lloveras Hernanz, Jose Antonio"]
[Black "Sande Edreira, Jose Antonio"]
[Result "0-1"]
[WhiteElo "1680"]
[BlackElo "2244"]
[PlyCount "56"]
[EventDate "2015.08.16"]
[EventType "swiss"]
[EventRounds "9"]
[EventCountry "ESP"]
[Source "lmi"]
[SourceDate "2015.08.16"]

1. d4 g6 2. c4 Bg7 3. Nc3 Nf6 4. Nf3 O-O 5. e4 d6 6. Be2 c5 7. O-O Bg4 8. d5
Nbd7 9. Be3 a6 10. Qc2 Re8 11. a4 Bxf3 12. Bxf3 e6 13. Rad1 exd5 14. Nxd5 Nxd5
15. exd5 Ne5 16. Be2 Qh4 17. b3 f5 18. g3 Qf6 19. Qd2 Nf7 20. Bf3 Re7 21. Bg2
Rae8 22. h4 h6 23. Rfe1 g5 24. hxg5 hxg5 25. f3 Qc3 26. Kf2 Qxb3 27. Bxg5 Bd4+
28. Kf1 Qxc4+ 0-1

[Event "2. Abierto Hotel Cemar 2015"]
[Site "Mondariz ESP"]
[Date "2015.08.16"]
[Round "1.10"]
[White "Laliena Solanes, Luis"]
[Black "Gomez Fernandez, Pedro Javier"]
[Result "1-0"]
[WhiteElo "2207"]
[BlackElo "1540"]
[PlyCount "45"]
[EventDate "2015.08.16"]
[EventType "swiss"]
[EventRounds "9"]
[EventCountry "ESP"]
[Source "lmi"]
[SourceDate "2015.08.16"]

1. d4 d5 2. Nf3 Nf6 3. e3 e6 4. Bd3 c5 5. b3 Nc6 6. O-O Bd6 7. Bb2 O-O 8. Nbd2
b6 9. a3 Bb7 10. Ne5 cxd4 11. exd4 Qc7 12. Re1 Nd7 13. f4 Rfe8 14. Bxh7+ Kf8
15. Bd3 Nf6 16. Qf3 Ne7 17. Qh3 Kg8 18. Ndf3 g6 19. Nxf7 Kxf7 20. Ng5+ Kg8 21.
Qxe6+ Kg7 22. Qf7+ Kh6 23. Rxe7 1-0

[Event "2. Abierto Hotel Cemar 2015"]
[Site "Mondariz ESP"]
[Date "2015.08.16"]
[Round "1.11"]
[White "Garcia Lafuente, Luis Mario"]
[Black "Lorenzo Duran, Marcos"]
[Result "0-1"]
[WhiteElo "1492"]
[BlackElo "2160"]
[PlyCount "46"]
[EventDate "2015.08.16"]
[EventType "swiss"]
[EventRounds "9"]
[EventCountry "ESP"]
[Source "lmi"]
[SourceDate "2015.08.16"]

1. d4 d5 2. Bf4 Nf6 3. e3 c5 4. c3 e6 5. Nd2 Nc6 6. Bd3 Bd6 7. Bxd6 Qxd6 8. f4
cxd4 9. cxd4 Bd7 10. Ngf3 Nb4 11. Ne5 O-O 12. O-O Nxd3 13. Nxd3 Bb5 14. Nb3 a5
15. Rf3 a4 16. Nbc1 a3 17. b3 Rfc8 18. Nc5 b6 19. Na4 Ne4 20. Rh3 Ra7 21. Qh5
h6 22. Qg4 Rac7 23. Ne2 Bxe2 0-1

[Event "2. Abierto Hotel Cemar 2015"]
[Site "Mondariz ESP"]
[Date "2015.08.16"]
[Round "1.13"]
[White "Romera Carrion, Ruben"]
[Black "Campos Calvo-sotelo, Javier"]
[Result "0-1"]
[WhiteElo "1191"]
[BlackElo "2087"]
[PlyCount "58"]
[EventDate "2015.08.16"]
[EventType "swiss"]
[EventRounds "9"]
[EventCountry "ESP"]
[Source "lmi"]
[SourceDate "2015.08.16"]

1. e4 d5 2. exd5 Nf6 3. Nf3 Qxd5 4. Nc3 Qd6 5. Bc4 Nc6 6. O-O Bg4 7. d3 e6 8.
Be3 Be7 9. Ne4 Nxe4 10. dxe4 Qb4 11. b3 Bf6 12. a3 Qc3 13. Ra2 Rd8 14. Qe1 Qxe1
15. Nxe1 O-O 16. f3 Bh5 17. Nd3 a6 18. Nf4 Bg6 19. Bxe6 fxe6 20. Nxe6 Nd4 21.
Bxd4 Bxd4+ 22. Kh1 Bc3 23. Nxf8 Kxf8 24. g3 Rd2 25. Re1 Bf7 26. Re3 Bd4 27. Rd3
Rxd3 28. cxd3 Bxb3 29. Re2 Bd1 0-1

[Event "2. Abierto Hotel Cemar 2015"]
[Site "Mondariz ESP"]
[Date "2015.08.16"]
[Round "1.14"]
[White "Belsley, Alexandre"]
[Black "Otero Campos, Cintia"]
[Result "1-0"]
[WhiteElo "2026"]
[BlackElo "1139"]
[PlyCount "133"]
[EventDate "2015.08.16"]
[EventType "swiss"]
[EventRounds "9"]
[EventCountry "ESP"]
[Source "lmi"]
[SourceDate "2015.08.16"]

1. d4 d5 2. c4 c6 3. cxd5 cxd5 4. Nc3 Bf5 5. Bf4 Nc6 6. e3 a6 7. Qb3 Na5 8.
Qxd5 Qxd5 9. Nxd5 Rc8 10. Nc3 e6 11. e4 Bg6 12. Bd3 Bb4 13. Nge2 Ne7 14. O-O
O-O 15. Rfd1 Nc4 16. Bxc4 Rxc4 17. Rac1 Rfc8 18. f3 Bh5 19. Be3 b5 20. h4 f6
21. Kf2 Ba5 22. g3 b4 23. Na4 e5 24. dxe5 fxe5 25. Nc5 Rxc1 26. Rxc1 Bb6 27.
Nxa6 Bxe3+ 28. Kxe3 Rxc1 29. Nxc1 Nc6 30. Nd3 Bf7 31. Naxb4 Nxb4 32. Nxb4 Kf8
33. b3 Ke7 34. Nd5+ Kd6 35. b4 Be8 36. Nc3 Kc6 37. a4 Kb6 38. Kd3 Ka6 39. Kc4
Kb6 40. Kd5 Ka6 41. Kxe5 Bh5 42. g4 Be8 43. Kd6 Kb6 44. e5 Bc6 45. Nd5+ Kb7 46.
b5 Be8 47. f4 Bf7 48. e6 Bg8 49. Ne7 Bxe6 50. Kxe6 Kb6 51. Nd5+ Ka5 52. b6 Ka6
53. a5 h6 54. f5 Kb7 55. Kf7 Kc6 56. Kxg7 Kxd5 57. b7 Ke4 58. b8=Q Kf3 59. Qb4
Kg3 60. g5 hxg5 61. hxg5 Kf3 62. a6 Ke3 63. a7 Kd3 64. a8=Q Ke3 65. Qaa3+ Ke2
66. Qbb2+ Kd1 67. Qaa1# 1-0

[Event "2. Abierto Hotel Cemar 2015"]
[Site "Mondariz ESP"]
[Date "2015.08.17"]
[Round "2.1"]
[White "Gomez Garrido, Camilo Ernesto"]
[Black "Belsley, Alexandre"]
[Result "1-0"]
[WhiteElo "2519"]
[BlackElo "2026"]
[PlyCount "101"]
[EventDate "2015.08.16"]
[EventType "swiss"]
[EventRounds "9"]
[EventCountry "ESP"]
[Source "lmi"]
[SourceDate "2015.08.16"]

1. e4 c6 2. d4 d5 3. e5 c5 4. Nf3 Nc6 5. c4 cxd4 6. Nxd4 e6 7. Nc3 Bc5 8. Nxc6
bxc6 9. cxd5 cxd5 10. b4 Bf8 11. Be3 Ne7 12. a3 Nc6 13. Bb5 Bd7 14. Bxc6 Bxc6
15. O-O Be7 16. Qg4 Kf8 17. Rfc1 Bd7 18. Ne2 h5 19. Qf4 a5 20. Bc5 Bxc5 21.
bxc5 Bc6 22. Nd4 Qd7 23. Rab1 Kg8 24. Rb6 Rc8 25. h4 Rh6 26. Nxc6 Rxc6 27. Qa4
Rc7 28. Qxd7 Rxd7 29. c6 Rc7 30. Rb7 Rc8 31. c7 Rh8 32. Rc5 f6 33. f4 fxe5 34.
fxe5 Kf7 35. Rxa5 Ke7 36. Ra6 Rhf8 37. Rbb6 Rxc7 38. Rxe6+ Kd7 39. Rg6 Ke8 40.
e6 Rc1+ 41. Kh2 Rf4 42. Rxg7 Rxh4+ 43. Kg3 Rg4+ 44. Rxg4 Rc3+ 45. Kf4 Rc4+ 46.
Ke5 hxg4 47. Ra8+ Ke7 48. Ra7+ Ke8 49. Kd6 Rc8 50. Rg7 Kf8 51. Rxg4 1-0

[Event "2. Abierto Hotel Cemar 2015"]
[Site "Mondariz ESP"]
[Date "2015.08.17"]
[Round "2.2"]
[White "Campos Calvo-sotelo, Javier"]
[Black "Oratovsky, Michael"]
[Result "0-1"]
[WhiteElo "2087"]
[BlackElo "2495"]
[PlyCount "60"]
[EventDate "2015.08.16"]
[EventType "swiss"]
[EventRounds "9"]
[EventCountry "ESP"]
[Source "lmi"]
[SourceDate "2015.08.16"]

1. d4 d6 2. g3 g6 3. Bg2 Bg7 4. e4 Nf6 5. Ne2 O-O 6. O-O Nbd7 7. Nbc3 e5 8. h3
c6 9. a4 exd4 10. Nxd4 a5 11. Bf4 Nb6 12. Re1 Nh5 13. Bc1 Re8 14. g4 Nf6 15.
Bf4 h5 16. g5 Nh7 17. h4 f6 18. Qd3 fxg5 19. hxg5 Nxg5 20. Rad1 Nf7 21. Nde2 g5
22. Bxd6 Nxd6 23. Qxd6 Qxd6 24. Rxd6 Nc4 25. Rg6 g4 26. b3 Ne5 27. Rd6 Nf3+ 28.
Bxf3 gxf3 29. Nd4 Be5 30. Rg6+ Kh7 0-1

[Event "2. Abierto Hotel Cemar 2015"]
[Site "Mondariz ESP"]
[Date "2015.08.17"]
[Round "2.3"]
[White "Campora, Daniel H"]
[Black "Dominguez Fernandez, Angel I"]
[Result "1-0"]
[WhiteElo "2453"]
[BlackElo "1992"]
[PlyCount "43"]
[EventDate "2015.08.16"]
[EventType "swiss"]
[EventRounds "9"]
[EventCountry "ESP"]
[Source "lmi"]
[SourceDate "2015.08.16"]

1. d4 e6 2. c4 d5 3. Nc3 Nf6 4. Nf3 c6 5. e3 Nbd7 6. Bd3 Bd6 7. O-O O-O 8. e4
dxe4 9. Nxe4 Nxe4 10. Bxe4 h6 11. Bc2 Qc7 12. Qd3 Nf6 13. c5 Bf4 14. Re1 Rd8
15. Bxf4 Qxf4 16. Re5 g6 17. g3 Qg4 18. Kg2 Nd5 19. Qd2 g5 20. h3 Qh5 21. g4
Nf4+ 22. Qxf4 1-0

[Event "2. Abierto Hotel Cemar 2015"]
[Site "Mondariz ESP"]
[Date "2015.08.17"]
[Round "2.4"]
[White "Garcia Sobrino, David"]
[Black "Panelo, Marcelo"]
[Result "0-1"]
[WhiteElo "2026"]
[BlackElo "2418"]
[PlyCount "44"]
[EventDate "2015.08.16"]
[EventType "swiss"]
[EventRounds "9"]
[EventCountry "ESP"]
[Source "lmi"]
[SourceDate "2015.08.16"]

1. e4 c5 2. Nf3 d6 3. d4 cxd4 4. Nxd4 Nf6 5. Nc3 Nc6 6. Nde2 e6 7. g3 Be7 8.
Bg2 O-O 9. O-O a6 10. a4 Qc7 11. h3 b6 12. f4 Bb7 13. Be3 Rfd8 14. g4 d5 15. e5
d4 16. Nxd4 Nxd4 17. Bxb7 Qxb7 18. exf6 Bc5 19. Qc1 Nf3+ 20. Kf2 Nd2 21. Ke2
Bxe3 22. Kxe3 Qg2 0-1

[Event "2. Abierto Hotel Cemar 2015"]
[Site "Mondariz ESP"]
[Date "2015.08.17"]
[Round "2.5"]
[White "Del Rey, Diego"]
[Black "Torcal Miguel, Oscar"]
[Result "1-0"]
[WhiteElo "2394"]
[BlackElo "1969"]
[PlyCount "69"]
[EventDate "2015.08.16"]
[EventType "swiss"]
[EventRounds "9"]
[EventCountry "ESP"]
[Source "lmi"]
[SourceDate "2015.08.16"]

1. Nf3 Nf6 2. g3 d5 3. Bg2 g6 4. O-O Bg7 5. d3 O-O 6. Nbd2 c6 7. e4 Nbd7 8. Qe2
dxe4 9. dxe4 Nc5 10. Rd1 Qc7 11. Ne1 e5 12. Nb3 Nxb3 13. axb3 Bg4 14. f3 Be6
15. Be3 b6 16. b4 Nd7 17. Qd3 Rfd8 18. Qc3 Rac8 19. Nd3 Bf8 20. Bf1 f6 21. Nf2
c5 22. Bc4 Bxc4 23. Qxc4+ Kh8 24. b5 Nb8 25. Nd3 Rd6 26. f4 Rcd8 27. fxe5 fxe5
28. Rf1 Bg7 29. Bg5 Re8 30. Rf7 Nd7 31. c3 h6 32. Be7 Rf6 33. Bxf6 Bxf6 34. Rf1
Bg5 35. Rh7+ 1-0

[Event "2. Abierto Hotel Cemar 2015"]
[Site "Mondariz ESP"]
[Date "2015.08.17"]
[Round "2.6"]
[White "Carraminana Lopez, Luis Antonio"]
[Black "Espiñeira Gonzalez, Diego"]
[Result "0-1"]
[WhiteElo "1970"]
[BlackElo "2380"]
[PlyCount "74"]
[EventDate "2015.08.16"]
[EventType "swiss"]
[EventRounds "9"]
[EventCountry "ESP"]
[Source "lmi"]
[SourceDate "2015.08.16"]

1. e4 e6 2. d4 d5 3. Nd2 a6 4. Ngf3 Nf6 5. e5 Nfd7 6. Bd3 c5 7. c3 Nc6 8. O-O
g5 9. dxc5 g4 10. Nd4 Ndxe5 11. N2b3 Nxd3 12. Qxd3 e5 13. Re1 Bg7 14. Bf4 f6
15. Nf5 Bxf5 16. Qxf5 O-O 17. Be3 Qc8 18. Qh5 Qd7 19. Rad1 Rad8 20. Nd2 Qe6 21.
Nf1 Rd7 22. Rd3 f5 23. Bg5 f4 24. h3 gxh3 25. Rxh3 Qg6 26. Qxg6 hxg6 27. Rd1
Rf5 28. Bh6 e4 29. Nd2 Ne5 30. b4 Bf6 31. Nb3 Nd3 32. Rdxd3 exd3 33. Rxd3 Rh7
34. Rh3 g5 35. Nd4 Bxd4 36. cxd4 Kf7 37. g4 fxg3 0-1

[Event "2. Abierto Hotel Cemar 2015"]
[Site "Mondariz ESP"]
[Date "2015.08.17"]
[Round "2.7"]
[White "Ramiro Ovejero, Juan Luis"]
[Black "Campos Calvo-sotelo, Juan"]
[Result "1-0"]
[WhiteElo "2343"]
[BlackElo "1956"]
[PlyCount "47"]
[EventDate "2015.08.16"]
[EventType "swiss"]
[EventRounds "9"]
[EventCountry "ESP"]
[Source "lmi"]
[SourceDate "2015.08.16"]

1. e4 e6 2. d4 a6 3. Nf3 b5 4. a4 b4 5. Bd3 c5 6. O-O Bb7 7. c3 Nf6 8. e5 Nd5
9. c4 Ne7 10. Nbd2 cxd4 11. Ne4 Ng6 12. c5 Nc6 13. Bg5 Qa5 14. Nfd2 Ngxe5 15.
f4 Nxd3 16. Nc4 Qc7 17. Ncd6+ Bxd6 18. Nxd6+ Kf8 19. Qh5 Nde5 20. fxe5 Nxe5 21.
Rxf7+ Kg8 22. Rxg7+ Kf8 23. Be7+ Kxg7 24. Qxe5+ 1-0

[Event "2. Abierto Hotel Cemar 2015"]
[Site "Mondariz ESP"]
[Date "2015.08.17"]
[Round "2.8"]
[White "De Sousa Da Silva, Armando"]
[Black "Rodriguez Lopez, Rafael"]
[Result "0-1"]
[WhiteElo "1958"]
[BlackElo "2255"]
[PlyCount "108"]
[EventDate "2015.08.16"]
[EventType "swiss"]
[EventRounds "9"]
[EventCountry "ESP"]
[Source "lmi"]
[SourceDate "2015.08.16"]

1. Nf3 Nf6 2. c4 g6 3. g3 Bg7 4. Bg2 O-O 5. O-O d6 6. d4 Nbd7 7. Nc3 e5 8. h3
c6 9. e4 Qb6 10. Re1 exd4 11. Nxd4 Re8 12. Nc2 Nc5 13. Rb1 Be6 14. b4 Ncd7 15.
Be3 Qc7 16. Nd5 cxd5 17. cxd5 Bxh3 18. Bxh3 Nxe4 19. Nd4 Ndf6 20. Rc1 Qd8 21.
Nb5 Re7 22. Nxa7 Re5 23. Nb5 Nxd5 24. Bd4 Ng5 25. Bxe5 Nxh3+ 26. Kg2 dxe5 27.
Kxh3 Rxa2 28. Kg2 Rd2 29. Qg4 Qb6 30. Rc5 Bf8 31. Qc8 Nxb4 32. Rexe5 Nd3 33.
Red5 Rxf2+ 34. Kg1 Nxc5 35. Kxf2 Qxb5 36. Rd8 Ne6 37. Re8 Qc5+ 38. Qxc5 Nxc5
39. Ke3 h5 40. Rb8 Kg7 41. Kf3 Bd6 42. Rd8 Be7 43. Rb8 f5 44. Kg2 Kf7 45. Kf3
h4 46. g4 fxg4+ 47. Kxg4 Ke6 48. Rg8 g5 49. Rb8 Kd7 50. Kf5 Bd8 51. Ra8 Ne6 52.
Ra3 Nd4+ 53. Ke5 Nc6+ 54. Kf5 b5 0-1

[Event "2. Abierto Hotel Cemar 2015"]
[Site "Mondariz ESP"]
[Date "2015.08.17"]
[Round "2.9"]
[White "Sande Edreira, Jose Antonio"]
[Black "Galvez Perez, Jose Luis"]
[Result "1-0"]
[WhiteElo "2244"]
[BlackElo "1906"]
[PlyCount "61"]
[EventDate "2015.08.16"]
[EventType "swiss"]
[EventRounds "9"]
[EventCountry "ESP"]
[Source "lmi"]
[SourceDate "2015.08.16"]

1. c4 e5 2. g3 Nf6 3. Bg2 Nc6 4. Nc3 Bb4 5. Nd5 O-O 6. Nxb4 Nxb4 7. a3 Nc6 8.
e4 d6 9. Ne2 Be6 10. d3 Nd7 11. O-O a5 12. f4 f5 13. exf5 Bxf5 14. Be3 Qe8 15.
Re1 Qg6 16. d4 exd4 17. Nxd4 Nxd4 18. Bxd4 c6 19. Qd2 Nf6 20. Re7 Rf7 21. Rae1
d5 22. Bxf6 Qxf6 23. Rxf7 Kxf7 24. cxd5 Rd8 25. Re5 g5 26. Qxa5 Rd7 27. dxc6
Rd1+ 28. Kf2 Bg4 29. Qc7+ Bd7 30. cxd7 gxf4 31. d8=Q+ 1-0

[Event "2. Abierto Hotel Cemar 2015"]
[Site "Mondariz ESP"]
[Date "2015.08.17"]
[Round "2.10"]
[White "Lesteiro Lores, Manuel Raul"]
[Black "Laliena Solanes, Luis"]
[Result "0-1"]
[WhiteElo "1940"]
[BlackElo "2207"]
[PlyCount "44"]
[EventDate "2015.08.16"]
[EventType "swiss"]
[EventRounds "9"]
[EventCountry "ESP"]
[Source "lmi"]
[SourceDate "2015.08.16"]

1. d4 c5 2. c3 Nf6 3. Nf3 b6 4. g3 Bb7 5. Bg2 e6 6. Bg5 Be7 7. Nbd2 d5 8. Ne5
Nfd7 9. Bxe7 Qxe7 10. O-O Nxe5 11. dxe5 Nc6 12. f4 g5 13. e4 gxf4 14. gxf4
O-O-O 15. exd5 exd5 16. Qe2 Rhg8 17. Rf2 Qh4 18. f5 Rde8 19. Nf3 Qe4 20. Re1
Qxf5 21. Kh1 Qh5 22. Rg1 Rg6 0-1

[Event "2. Abierto Hotel Cemar 2015"]
[Site "Mondariz ESP"]
[Date "2015.08.17"]
[Round "2.11"]
[White "Lorenzo Duran, Marcos"]
[Black "Maquieira Vidal, Alvaro"]
[Result "0-1"]
[WhiteElo "2160"]
[BlackElo "1832"]
[PlyCount "42"]
[EventDate "2015.08.16"]
[EventType "swiss"]
[EventRounds "9"]
[EventCountry "ESP"]
[Source "lmi"]
[SourceDate "2015.08.16"]

1. d4 Nf6 2. c4 e5 3. dxe5 Ng4 4. Nf3 Bc5 5. e3 Nc6 6. Nc3 O-O 7. Be2 Re8 8.
O-O Ngxe5 9. Nxe5 Nxe5 10. b3 a5 11. Na4 Bf8 12. f4 Nc6 13. Bf3 d6 14. e4 Qf6
15. Be3 Bf5 16. Qd5 Nb4 17. Qxb7 Nc2 18. exf5 Nxe3 19. Qxc7 Nxf1 20. Rxf1 Qd4+
21. Kh1 Qf2 0-1

[Event "2. Abierto Hotel Cemar 2015"]
[Site "Mondariz ESP"]
[Date "2015.08.17"]
[Round "2.12"]
[White "Picazo Gonzalez, Ana"]
[Black "Asensio Liñan, Teodoro"]
[Result "0-1"]
[WhiteElo "1851"]
[BlackElo "2156"]
[PlyCount "82"]
[EventDate "2015.08.16"]
[EventType "swiss"]
[EventRounds "9"]
[EventCountry "ESP"]
[Source "lmi"]
[SourceDate "2015.08.16"]

1. d4 d5 2. Nf3 Nf6 3. e3 e6 4. Bd3 c5 5. b3 Be7 6. Bb2 b6 7. O-O Ba6 8. c4 Ne4
9. Nc3 Nxc3 10. Bxc3 Bf6 11. Qc2 Bb7 12. cxd5 Qxd5 13. Bb5+ Nd7 14. Rfd1 cxd4
15. Bxd7+ Qxd7 16. Bxd4 Rc8 17. Qe2 Qc6 18. Qf1 O-O 19. Rac1 Qe4 20. h3 Qf5 21.
Rxc8 Rxc8 22. Bxf6 Qxf6 23. Ne1 h6 24. Qd3 Bd5 25. e4 Ba8 26. Qd7 Qc3 27. f3 a5
28. Nd3 Rf8 29. Qd6 Qc2 30. Ne5 Qxa2 31. Qxb6 Qc2 32. Rd8 Qc1+ 33. Kf2 Rxd8 34.
Qxd8+ Kh7 35. Nxf7 Qc5+ 36. Kf1 Bc6 37. Qd6 Bb5+ 38. Ke1 Qc3+ 39. Kd1 Qxb3+ 40.
Ke1 Qe3+ 41. Kd1 Ba4# 0-1

[Event "2. Abierto Hotel Cemar 2015"]
[Site "Mondariz ESP"]
[Date "2015.08.17"]
[Round "2.13"]
[White "Buitron Ramil, David"]
[Black "Rodriguez Dominguez, Miguel I"]
[Result "1/2-1/2"]
[WhiteElo "1641"]
[BlackElo "2017"]
[PlyCount "108"]
[EventDate "2015.08.16"]
[EventType "swiss"]
[EventRounds "9"]
[EventCountry "ESP"]
[Source "lmi"]
[SourceDate "2015.08.16"]

1. e4 c5 2. Nf3 e6 3. d4 cxd4 4. Nxd4 Nf6 5. Nc3 Nc6 6. Ndb5 Bb4 7. a3 Bxc3+ 8.
Nxc3 d5 9. exd5 exd5 10. Bg5 O-O 11. Be2 Re8 12. O-O d4 13. Bxf6 Qxf6 14. Nd5
Qd6 15. Bf3 Be6 16. c4 Rad8 17. b4 b5 18. cxb5 Nb8 19. Qxd4 Bxd5 20. Rad1 Re5
21. Rfe1 Rxe1+ 22. Rxe1 Be6 23. Qxa7 Qd2 24. Rf1 Bc4 25. Ra1 Bxb5 26. h3 Qd4
27. Rd1 Qf6 28. Rxd8+ Qxd8 29. a4 Bc6 30. Bxc6 Nxc6 31. Qc5 Ne7 32. a5 Kf8 33.
a6 Qc8 34. Qd6 Ke8 35. b5 Qa8 36. b6 Qxa6 37. Qb8+ Kd7 38. Qc7+ Ke6 39. b7 Nc6
40. Qxc6+ Qxc6 41. b8=Q Qc1+ 42. Kh2 Kf5 43. Qb5+ Kg6 44. Qb6+ f6 45. Qd6 Qc3
46. Qg3+ Qxg3+ 47. Kxg3 Kf5 48. Kf3 h5 49. g4+ Kg5 50. Kg3 h4+ 51. Kf3 f5 52.
gxf5 Kxf5 53. Ke3 g6 54. f4 g5 1/2-1/2

[Event "2. Abierto Hotel Cemar 2015"]
[Site "Mondariz ESP"]
[Date "2015.08.17"]
[Round "2.15"]
[White "Otero Campos, Cintia"]
[Black "Bello Filgueira, Joaquin Antonio"]
[Result "0-1"]
[WhiteElo "1139"]
[BlackElo "1831"]
[PlyCount "74"]
[EventDate "2015.08.16"]
[EventType "swiss"]
[EventRounds "9"]
[EventCountry "ESP"]
[Source "lmi"]
[SourceDate "2015.08.16"]

1. d4 Nf6 2. Nf3 e6 3. Bf4 c5 4. c3 Nc6 5. e3 a6 6. Be2 Be7 7. Nbd2 O-O 8. O-O
Nh5 9. Be5 f6 10. Ne1 fxe5 11. Bxh5 cxd4 12. exd4 exd4 13. cxd4 Nxd4 14. Ndf3
Nf5 15. Qd3 b5 16. Nd2 Bb7 17. Nef3 Bf6 18. Rab1 Rc8 19. Ne4 Be7 20. b3 d5 21.
Ned2 Bf6 22. Rfc1 Qb6 23. a4 b4 24. Re1 Rc3 25. Qe2 Bc8 26. Bg4 Be7 27. h3 Bc5
28. Rbc1 a5 29. Nb1 Ba6 30. Qb2 Rxc1 31. Rxc1 Ng3 32. Re1 Ne4 33. Kh2 Bxf2 34.
Rc1 Bg3+ 35. Kh1 Nf2+ 36. Kg1 Nd3+ 37. Kf1 Nxb2+ 0-1